Statistiken für Alle Stationen der Linie S3 (NRW)

Klicken Sie hier um das Quiz zu spielen!

Allgemein

  • Dieses Quiz wurde 38 mal gespielt
  • Das Durchschnittsergebnis liegt bei 8 aus 13

Antwortstatistiken

Antwort% Korrekt
Essen Hbf
86%
Oberhausen Hbf
86%
Mülheim Hbf
79%
Essen West
71%
Hattingen
71%
Mülheim-Styrum
71%
Essen Steele
64%
Essen Steele Ost
57%
Hattingen Mitte
50%
Essen Frohnhausen
43%
Essen Horst
43%
Bochum Dahlhausen
36%
Mülheim West S
0%

Verteilung der Resultate

Perzentil nach korrekt beantworteten Fragen

Anzahl Personen mit jedem Resultat

Ihre Resultats-Entwicklung

Sie haben dieses Quiz noch nicht gespielt